It looks like you're offline.
Open Library logo
additional options menu

MARC Record from Library of Congress

Record ID marc_loc_2016/BooksAll.2016.part03.utf8:95696592:596
Source Library of Congress
Download Link /show-records/marc_loc_2016/BooksAll.2016.part03.utf8:95696592:596?format=raw

LEADER: 00596cam a22001812 4500
001 33018394
003 DLC
005 20080126080909.0
008 821209s1933 wiua 000 0 eng
010 $a 33018394
040 $aDLC$cCarP$dDLC
050 00 $aE99.M69$bB27 1933
100 1 $aBarrett, S. A.$q(Samuel Alfred),$d1879-1965.
245 10 $aMiwok material culture,
260 $aMilwaukee, Wis.,$bPub. by order of the Board of trustees$c[1933]
300 $a1 p.l., [119]-376 p.$billus., pl. xxviii-lxxvi.$c27 cm.
650 0 $aMiwok Indians.
700 1 $aGifford, Edward Winslow,$d1887-1959,$ejoint author.